World by Any 2 Letters Blitz Quiz Stats

 Plays Quiz Updated Jul 2, 2018

Challenge
Share
Tweet
Score 0/197 Timer 01:00
11 Plays Today
% Correct
United States of America
99.8%
Central African Republic
99.8%
United Arab Emirates
99.8%
Dominican Republic
99.8%
Turkmenistan
99.7%
South Africa
99.7%
Saint Vincent and the Grenadines
99.7%
Sao Tome and Principe
99.7%
Equatorial Guinea
99.7%
Burkina Faso
99.7%
Uzbekistan
99.6%
Saint Lucia
99.6%
Micronesia
99.6%
Bosnia and Herzegovina
99.6%
Suriname
99.6%
Switzerland
99.5%
Antigua and Barbuda
99.5%
Guinea-Bissau
99.5%
Australia
99.5%
Singapore
99.4%
Mauritius
99.4%
Macedonia
99.4%
Trinidad and Tobago
99.3%
Palestine
99.3%
Mauritania
99.3%
Nicaragua
99.3%
Austria
99.3%
Sierra Leone
99.3%
Saudi Arabia
99.2%
Argentina
99.2%
Democratic Republic of the Congo
99.2%
Honduras
99.2%
Marshall Islands
99.2%
Cameroon
99.2%
Republic of the Congo
99.2%
Papua New Guinea
99.1%
Iceland
99.1%
Costa Rica
99.1%
Ukraine
99.1%
Azerbaijan
99.1%
South Korea
99.1%
Dominica
99.1%
Tunisia
99.1%
Bulgaria
99.1%
Solomon Islands
99.1%
Saint Kitts and Nevis
99%
San Marino
99%
Slovenia
99%
Lithuania
99%
Belarus
99%
Vietnam
99%
Estonia
98.9%
Afghanistan
98.9%
Armenia
98.9%
Pakistan
98.9%
Vatican City
98.9%
Ireland
98.8%
United Kingdom
98.8%
Sri Lanka
98.8%
eSwatini
98.8%
Colombia
98.8%
Ecuador
98.7%
Russia
98.7%
The Gambia
98.7%
South Sudan
98.7%
Germany
98.7%
% Correct
France
98.7%
Nigeria
98.7%
Indonesia
98.7%
Thailand
98.7%
Romania
98.6%
Tajikistan
98.6%
Maldives
98.6%
Mongolia
98.6%
Bangladesh
98.6%
Guinea
98.6%
China
98.6%
Mozambique
98.6%
Portugal
98.5%
Cambodia
98.5%
Guatemala
98.4%
Liberia
98.4%
Bahrain
98.4%
Cabo Verde
98.4%
Croatia
98.3%
Monaco
98.3%
Luxembourg
98.3%
Netherlands
98.1%
Brazil
98.1%
Denmark
98%
Liechtenstein
98%
Finland
98%
Madagascar
98%
Algeria
98%
Spain
97.9%
North Korea
97.8%
Timor-Leste
97.8%
Hungary
97.8%
Serbia
97.7%
Czechia
97.5%
Albania
97.5%
Somalia
97.3%
Israel
97.3%
Tanzania
97.3%
Namibia
97.2%
Senegal
97.2%
Canada
97.1%
Grenada
97.1%
Venezuela
97.1%
Taiwan
97.1%
Montenegro
97%
Lebanon
96.9%
Botswana
96.9%
Ethiopia
96.8%
Kiribati
96.8%
Iran
96.7%
Brunei
96.5%
El Salvador
96.5%
Poland
96.4%
Zimbabwe
96.3%
Sudan
96.1%
The Bahamas
96.1%
Kyrgyzstan
96.1%
Paraguay
96%
India
96%
Slovakia
95.9%
Malaysia
95.9%
Jamaica
95.7%
Georgia
95.7%
Mexico
95.7%
Philippines
95.7%
Nepal
95.4%
% Correct
Jordan
95.1%
Italy
95.1%
Cote d'Ivoire
94.9%
Belgium
94.9%
Latvia
94.8%
New Zealand
94.7%
Eritrea
94.5%
Bolivia
94.4%
Oman
94.1%
Uruguay
94%
Niger
94%
Andorra
93.6%
Nauru
93.5%
Kazakhstan
93.4%
Uganda
93.3%
Chad
93.3%
Norway
93.2%
Angola
93.1%
Bhutan
93%
Malawi
93%
Turkey
92.8%
Moldova
92.7%
Guyana
92.7%
Gabon
92.4%
Mali
92.2%
Kuwait
92.2%
Burundi
92.1%
Syria
91.8%
Myanmar
91.8%
Barbados
91.8%
Libya
91.7%
Chile
91.1%
Kenya
90.8%
Tonga
90.4%
Panama
90.2%
Seychelles
90.2%
Samoa
90%
Vanuatu
89.7%
Egypt
89.3%
Sweden
89.2%
Japan
88.8%
Zambia
88.6%
Yemen
88.5%
Peru
88.1%
Comoros
87.7%
Benin
87.4%
Cuba
86.1%
Rwanda
85.6%
Iraq
85.2%
Cyprus
84.9%
Greece
84.6%
Lesotho
84.4%
Morocco
83.9%
Djibouti
83.4%
Laos
83.2%
Ghana
83.1%
Tuvalu
82.9%
Malta
82.2%
Palau
81.8%
Haiti
77.6%
Belize
74.6%
Qatar
64.7%
Kosovo
49%
Togo
48.9%
Fiji
36.5%

You're not logged in!

Compare scores with friends on all Sporcle quizzes.
Join for Free
OR
Log In

You Might Also Like...

Show Comments

Extras

Top Quizzes Today


Score Distribution

Your Account Isn't Verified!

In order to create a playlist on Sporcle, you need to verify the email address you used during registration. Go to your Sporcle Settings to finish the process.

Report this User

Report this user for behavior that violates our Community Guidelines.

Details: